000 00815nam a2200265Ia 4500
003 OSt
005 20221006142420.0
006 a|||||r|||| 00| 0
007 ta
008 221006b |||||||| |||| 00| 0 eng d
020 _c
_2.00
024 _a6,331
037 _cTextual
040 _aEASL
_cEASL
_beng
041 _2eng
_aeng
082 _aV495:1973,(zD).N69, L8
100 _aSIMMONS Robert R.
_9647094
245 0 _aPueblo, Ec-121, and mayaguez incidents
_b Some continuities and changes
260 _aMaryland
_bSchool of Law
_c1978
300 _a52p.
_ccm.
490 _v KEL
_aOccasional Papers/ Reprint Series In Contempory Asian Studies, No.8 - 1978 (20)
650 _aKEL
942 _hV495:1973,(zD).N69, L8
_cTEXL
_2CC
999 _c1074417
_d1074417